Langenscheidt Taschenwörterbuch Hebräisch Teil I Hebräisch-deutsch Teil II Deutsch-hebräisch

Bibliographic Details
Corporate Author: Der Langenscheidt Redaktion (Author)
Format: Book
Language:Hebrew
PhysicalDescription:xvii, 459, 505 s. 16 cm
Published: Berlin [etc.] Langenscheidt [2002]
ISBN:3468111606
Edition:7. Aufl.
Subjects:

MARC

LEADER 00000nam a2200000 a 4500
001 vtls001472334
003 SK-MaSNL
005 20260301151232.0
008 040331s2002 DE 0 heb
020 |a 3468111606 
035 |a SNK000427636 
040 |a SNK  |b slo  |c SNK  |e AACR2 
044 |a DE 
072 7 |a 81  |x Lingvistika. Jazyky  |2 konspekt 
080 |a 811.411.16  |2 1981 
080 |a 811.112.2  |2 1981 
080 |a 81`374  |2 1981 
080 |a (038)81  |2 1981 
110 0 |a Der Langenscheidt Redaktion  |4 aut  |9 509643 
245 1 |a Langenscheidt Taschenwörterbuch Hebräisch  |c herausgegeben von der Langenscheidt Redaktion  |n Teil I  |p Hebräisch-deutsch  |n Teil II  |p Deutsch-hebräisch 
250 |a 7. Aufl. 
260 |a Berlin [etc.]  |b Langenscheidt  |c [2002] 
300 |a xvii, 459, 505 s.  |c 16 cm 
500 |a Súbež. tit. strana v hebr. 
500 |a 2. časť je zvratmo tlačená 
650 0 7 |a hebrejčina  |2 SNKPH  |9 1387 
650 0 7 |a nemčina  |2 SNKPH  |9 1384 
655 7 |a slovníky  |2 SNKPH  |9 70413 
655 7 |a jazykové slovníky  |2 SNKPH  |9 70525 
919 |a 3-468-11160-6 
999 |c 786013  |d 787943 
952 |t snkLAN/1-2 809.24  |a SNKUST  |b SNKUST  |y PREZ  |7 0  |p 17A0426345  |o snkID 97286/1-2   |i snkV 834/2004  |g 41.33  |0 0  |1 0  |4 0  |d 2004-03-31  |l 0  |r 2025-05-29 00:00:00  |w 2026-02-24